Introduction to Systems Analysis & Design (Record no. 11322)
[ view plain ]
| 000 -LEADER | |
|---|---|
| fixed length control field | 00685nam a22002057a 4500 |
| 005 - DATE AND TIME OF LATEST TRANSACTION | |
| control field | 20260204080722.0 |
| 008 - FIXED-LENGTH DATA ELEMENTS--GENERAL INFORMATION | |
| fixed length control field | 250212b |||||||| |||| 00| 0 eng d |
| 020 ## - INTERNATIONAL STANDARD BOOK NUMBER | |
| International Standard Book Number | 978-0-07-107873-3 |
| 040 ## - CATALOGING SOURCE | |
| Transcribing agency | jhcsc |
| 082 ## - DEWEY DECIMAL CLASSIFICATION NUMBER | |
| Classification number | 003 |
| 100 ## - MAIN ENTRY--PERSONAL NAME | |
| 9 (RLIN) | 10113 |
| Personal name | Jeffrey L. Whitten | Lonnie D. Bently |
| Titles and words associated with a name | Professor |
| Relator term | Author |
| 245 ## - TITLE STATEMENT | |
| Title | Introduction to Systems Analysis & Design |
| Statement of responsibility, etc. | Jeffrey L. Whitten |
| 250 ## - EDITION STATEMENT | |
| Edition statement | first edition |
| 260 ## - PUBLICATION, DISTRIBUTION, ETC. | |
| Place of publication, distribution, etc. | New York, NY 10020 |
| Name of publisher, distributor, etc. | McGraw-Hill Education |
| Date of publication, distribution, etc. | 2010 |
| 300 ## - PHYSICAL DESCRIPTION | |
| Extent | xv, 609pp |
| 500 ## - GENERAL NOTE | |
| General note | Includes Bibliographical references and index. |
| 650 ## - SUBJECT ADDED ENTRY--TOPICAL TERM | |
| Source of heading or term | Introduction to Systems Analysis |
| 700 ## - ADDED ENTRY--PERSONAL NAME | |
| 9 (RLIN) | 7987 |
| Personal name | Lonnie D. Bently |
| 942 ## - ADDED ENTRY ELEMENTS (KOHA) | |
| Source of classification or shelving scheme | Dewey Decimal Classification |
| Koha item type | Book |
| Edition | first edition |
| Withdrawn status | Lost status | Source of classification or shelving scheme | Damaged status | Not for loan | Collection code | Home library | Current library | Shelving location | Date acquired | Total Checkouts | Full call number | Barcode | Date last seen | Price effective from | Koha item type |
|---|---|---|---|---|---|---|---|---|---|---|---|---|---|---|---|
| Dewey Decimal Classification | Information Technology | JHCSC - Canuto MS Enero Campus Library | JHCSC - Canuto MS Enero Campus Library | Circulation | 02/11/2014 | 003 W6242010 | 2014 1362 | 02/04/2026 | 02/04/2026 | Book | |||||
| Dewey Decimal Classification | Information Technology | JHCSC - Canuto MS Enero Campus Library | JHCSC - Canuto MS Enero Campus Library | Circulation | 02/11/2014 | 003 W6242010 | 20141361 | 02/04/2026 | 02/04/2026 | Book | |||||
| Dewey Decimal Classification | Information Technology | JHCSC - Canuto MS Enero Campus Library | JHCSC - Canuto MS Enero Campus Library | Circulation | 02/11/2014 | 003 W6242010 | 20141360 | 02/04/2026 | 02/04/2026 | Book |